000 00341 a2200169 4500
001 182713
020 _a
040 _cMagnum
100 _aQueirós, Eça de
240 1 0 _aA relíquia
_lpor
245 1 0 _aA relíquia
300 _a254
362 0 _a1997
440 1 _aEdiouro
697 _aLITERATURA GERAL ESTRANGEIRA
942 _cBK
999 _c182713
_d182713